000 00635nam a2200193 i 4500
001 bg
100 1 _aWAŃKO, Czesław
245 0 _aAlbum projektów gotowych dla budownictwa jednorodzinnego /
_cCzesław Wańko ; Centralne Biuro Projektowo-Badawcze Budownictwa Wiejskiego BISPROL.
260 _aWarszawa :
_bBISPROL,
_c[1999].
300 _askoroszyt :
_brys.,mapy. ;
_c30 cm +
_euzupełnienie kart projektów.
650 9 _aBudownictwo jednorodzinne
_xprojekty
020 _a8386613696
040 _cBPK
041 _apol
080 _a69
920 _a83-86613-69-6
942 _cKA
008 s pl f |000 0 pol
999 _c24217
_d24217
856 _uhttp://koha.tu.koszalin.pl/cgi-bin/koha/opac-detail.pl?biblionumber=24217
_yKatalog online BPK